Teachers'case studies in educational management
Αποθηκεύτηκε σε:
| Άλλοι συγγραφείς: | |
|---|---|
| Μορφή: | Βιβλίο |
| Γλώσσα: | English |
| Δημοσίευση: |
London :
Paul Chapman,
1989
|
| Σειρά: | Management in education series
|
| Θέματα: | |
| Ετικέτες: |
Προσθήκη ετικέτας
Δεν υπάρχουν, Καταχωρήστε ετικέτα πρώτοι!
|
MARC
| LEADER | 00000nam a2200000 i 4500 | ||
|---|---|---|---|
| 001 | 1/99670 | ||
| 008 | 000127s1989 eng d | ||
| 020 | |a 1-85396-069-1 | ||
| 035 | |l 10056974 | ||
| 040 | |a GR-MY-UA |b gre |e aacr | ||
| 041 | 0 | |a eng | |
| 082 | 0 | |a 371.2 | |
| 245 | 1 | 0 | |a Teachers'case studies in educational management / |c edited by Margaret Preedy |
| 260 | |a London : |b Paul Chapman, |c 1989 | ||
| 300 | |a 303 p. | ||
| 490 | 1 | |a Management in education series | |
| 650 | 0 | 0 | |a School management and organization. |
| 650 | 0 | 0 | |a Universities and colleges |x Administration. |
| 650 | 0 | 0 | |a Educational instructions |x Management. |
| 700 | 1 | |a Preedy, Margaret. |4 edt | |
| 830 | 0 | |a Management in education series | |
| 852 | |a INST |b RHODES |e 20000127 |h 371.2 TEA |p 005400012192 |q 005400012192 |t BK |y 0 | ||
| 901 | |a BIBL4-2000-1 | ||
| 909 | |a Ρ |b 068637 | ||
| 922 | |a 4ΕΛΗ |b 199909 |c ΚΠΣ/154 |d GLORY BOOKS | ||
| 970 | |a ΚΟΥΛΑΚΙΟΤΗ |b ΛΙΤΣΑ |z 2000/01/27 | ||